| 000 | 00583nam a2200193 a 4500 | ||
|---|---|---|---|
| 001 | 000043124 | ||
| 005 | 20201002040644.0 | ||
| 008 | 140220s1982 sp 000 0 spa d | ||
| 020 | _a848550139X | ||
| 040 |
_aDO-SdBNP _bspa _cBNPHU |
||
| 082 |
_a883.1 _bC643 |
||
| 100 | 1 |
_aLesbos, Longo de _970670 |
|
| 245 | 1 | 0 |
_aDafnis y Cloe / _cLongo de Lesbos ; traducción Francisco J. Cuartero. |
| 260 |
_aEspaña, : _bMuchnik, _c1982. |
||
| 300 |
_a205 p. ; _c22 cm. |
||
| 650 | 4 |
_aNovela griega _916418 |
|
| 650 | 4 |
_aLiteatura griega _970671 |
|
| 700 | 1 |
_aCuartero, Francisco J., _etr. _970672 |
|
| 999 |
_c42613 _d42613 |
||